বিশ্বের শ্রেষ্ঠ দশ খেলোয়াড় / (Record no. 1745)
[ view plain ]
| 000 -LEADER | |
|---|---|
| fixed length control field | 00722nam a2200229 a 4500 |
| 001 - CONTROL NUMBER | |
| JCCL Control Number | 1745 |
| 003 - CONTROL NUMBER IDENTIFIER | |
| JCCL marc code | BD-JhCC |
| 005 - DATE AND TIME OF LATEST TRANSACTION | |
| control field | 20190901134018.0 |
| 008 - FIXED-LENGTH DATA ELEMENTS--GENERAL INFORMATION | |
| fixed length control field | 171023s1994 bg |||| |||| 000 0 ben d |
| 020 ## - INTERNATIONAL STANDARD BOOK NUMBER | |
| International Standard Book Number | 9844650372 |
| 035 ## - SYSTEM CONTROL NUMBER | |
| system control number | (BD-JhCC)1745 |
| 040 ## - CATALOGING SOURCE | |
| Original cataloging agency | BD-JhCC |
| Modifying agency | BD-JhCC |
| 041 ## - LANGUAGE CODE | |
| Language code of Book | ben |
| 082 ## - DEWEY DECIMAL CLASSIFICATION NUMBER | |
| Classification number | 796 |
| Author mark and Year | SHA 1994 |
| 100 ## - MAIN ENTRY--PERSONAL NAME | |
| Personal name | শহীদ, সৈয়দ |
| 245 ## - TITLE STATEMENT | |
| Title | বিশ্বের শ্রেষ্ঠ দশ খেলোয়াড় / |
| Statement of responsibility, etc | সৈয়দ শহীদ |
| 260 ## - PUBLICATION, DISTRIBUTION, ETC. (IMPRINT) | |
| Place of publication, distribution, etc | ঢাকা : |
| Name of publisher, distributor, etc | কমলা প্রিন্টার্স ; |
| Date of publication, distribution, etc | ১৯৯৪ |
| 300 ## - PHYSICAL DESCRIPTION | |
| Pagination | ১১৬ পৃ. ; |
| Dimensions | ২২ সে.মি. |
| 650 ## - SUBJECT ADDED ENTRY--TOPICAL TERM | |
| Topical term or geographic name as entry element | Sports |
| 650 ## - SUBJECT ADDED ENTRY--TOPICAL TERM | |
| Topical term or geographic name as entry element | performance art |
| 942 ## - ADDED ENTRY ELEMENTS (KOHA) | |
| Source of classification or shelving scheme | Dewey Decimal Classification |
| Koha item type | Books |
| Koha issues (borrowed), all copies | 1 |
| Source of classification or shelving scheme | Damaged status | Not for loan | Home library | Current library | Date of accession | Source of acquisition | Total Checkouts | Full call number | Barcode | Date last seen | Date checked out | Koha item type |
|---|---|---|---|---|---|---|---|---|---|---|---|---|
| Dewey Decimal Classification | JCC Rouf Library | JCC Rouf Library | 10/23/2017 | Zahedee Foundation | 1 | 796 SHA 1994 | 3111 | 09/14/2019 | 08/31/2019 | Books |